书目信息 |
| 题名: |
珠江口深圳海域环境容量及污染总量控制管理研究
|
|
| 作者: | 孙省利 , 张际标 主编 | |
| 分册: | ||
| 出版信息: | 北京 海洋出版社 2017 |
|
| 页数: | 385页 | |
| 开本: | 29cm | |
| 丛书名: | ||
| 单 册: | ||
| 中图分类: | X55 | |
| 科图分类: | ||
| 主题词: | 海洋环境--hai yang huan jing--环境容量--研究--广东省--深圳市 , 海洋污染--hai yang wu ran--污染控制--研究--广东省--深圳市 | |
| 电子资源: | ||
| ISBN: | 978-7-5027-9763-8 | |
| 000 | 01541nam0 2200277 450 | |
| 001 | 012001003474 | |
| 005 | 20140102081249.0 | |
| 010 | @a978-7-5027-9763-8@dCNY188.00 | |
| 099 | @aCAL 012017121823 | |
| 100 | @a20170707d2017 em y0chiy50 ea | |
| 101 | 0 | @achi |
| 102 | @aCN@b110000 | |
| 105 | @aak a 000yy | |
| 106 | @ar | |
| 200 | 1 | @a珠江口深圳海域环境容量及污染总量控制管理研究@Azhu jiang kou shen zhen hai yu huan jing rong liang ji wu ran zong liang kong zhi guan li yan jiu@f孙省利, 张际标主编 |
| 210 | @a北京@c海洋出版社@d2017 | |
| 215 | @a385页@c图 (部分彩图)@d29cm | |
| 320 | @a有书目 | |
| 330 | @a本书全面查清珠江口深圳海域在不同水情和潮期下的流速、流向、潮位及纳潮量等潮流动力特征, 及海域水环境、沉积环境和生态环境质量现状; 调查并掌握珠江口深圳海域主要陆源入海污染源包括污染源地理信息、排污特征、常规污染物和特征污染物含量与分布特征等基本信息; 查明营养盐、石油类、需氧有机污染物等主要污染物在海洋环境中的迁移转化规律, 计算出主要污染物在珠江口深圳海域的环境容量; 从管理政策方面系统提出基于海洋环境容量的排放总量控制制度、陆海统筹保护模式和流域管理协调机制, 持续改善该海域生态环境质量, 以缓解和减轻珠江口深圳海域海洋生态环境恶化态势, 促进珠江口海洋资源的可持续利用和深圳海洋经济的可持续发展。 | |
| 606 | 0 | @a海洋环境@Ahai yang huan jing@x环境容量@x研究@y广东省@y深圳市 |
| 606 | 0 | @a海洋污染@Ahai yang wu ran@x污染控制@x研究@y广东省@y深圳市 |
| 690 | @aX55@v5 | |
| 701 | 0 | @a孙省利@Asun sheng li@4主编 |
| 701 | 0 | @a张际标@Azhang ji biao@4主编 |
| 801 | 2 | @aCN@b北京卓展@c20191020 |
| 905 | @b1211783-5@dX55@e218@f3 | |
| 珠江口深圳海域环境容量及污染总量控制管理研究/孙省利, 张际标主编.-北京:海洋出版社,2017 |
| 385页:图 (部分彩图);29cm |
| ISBN 978-7-5027-9763-8:CNY188.00 |
| 本书全面查清珠江口深圳海域在不同水情和潮期下的流速、流向、潮位及纳潮量等潮流动力特征, 及海域水环境、沉积环境和生态环境质量现状; 调查并掌握珠江口深圳海域主要陆源入海污染源包括污染源地理信息、排污特征、常规污染物和特征污染物含量与分布特征等基本信息; 查明营养盐、石油类、需氧有机污染物等主要污染物在海洋环境中的迁移转化规律, 计算出主要污染物在珠江口深圳海域的环境容量; 从管理政策方面系统提出基于海洋环境容量的排放总量控制制度、陆海统筹保护模式和流域管理协调机制, 持续改善该海域生态环境质量, 以缓解和减轻珠江口深圳海域海洋生态环境恶化态势, 促进珠江口海洋资源的可持续利用和深圳海洋经济的可持续发展。 |
| ● |
| 相关链接 |
|
|
|
|
正题名:珠江口深圳海域环境容量及污染总量控制管理研究
索取号:X55/218
 
预约/预借
| 序号 | 登录号 | 条形码 | 馆藏地/架位号 | 状态 | 备注 |
| 1 | 1211783 | 212117831 | 第二样本阅览室/ [索取号:X55/218] | 在馆 | |
| 2 | 1211784 | 212117840 | 第三借阅区/ [索取号:X55/218] | 在馆 | |
| 3 | 1211785 | 212117859 | 第三借阅区/ [索取号:X55/218] | 在馆 |